000 00505nam a2200157 i 4500
001 92189
003 ES-MaACL
005 20230906180921.0
007 t|
008 050223s1959 ag ||||1| spa d
245 0 3 _aEl libro blanco de la revolución Húngara
_b: el relato de la insurreción de octubre /
_ctraducción de Luis Echevarri.
260 _aBuenos Aires :
_bGuillermo Kraft,
_c1959.
300 _a373 p. ;
_c26 cm.
700 1 _aEchevarri, Luis.
_946534
852 _aES-MaACL
_jC-16416
_bR.44515
999 _c92189
_d92189